[Event "3rd GRENKE Chess Open 2018"]
[Site "Karlsruhe"]
[Date "2018.03.30"]
[Round "3"]
[White "Vogel, Roven"]
[Black "Kristensen, Kaare Hove"]
[Result "1/2-1/2"]
[WhiteElo "2438"]
[BlackElo "2302"]
[Annotator "TA"]
[PlyCount "99"]
[EventDate "2018.??.??"]
[EventType "swiss"]
[EventCountry "GER"]
[SourceTitle "playchess.com"]
[Source "ChessBase"]
[SourceQuality "1"]

{[%evp 14,99,10,4,23,26,29,22,25,19,131,120,120,109,108,112,106,108,108,116,116,108,108,107,108,101,109,109,108,107,120,115,113,113,113,113,139,131,129,99,108,87,87,71,87,91,65,74,182,179,235,164,235,226,220,234,217,217,202,0,0,0,0,0,0,0,0,0,0,0,0,0,0,0,0,0,0,0,0,0,0,0,0,0,0,0,0,0]} 1. Nf3 c5 2. c4 Nf6 3. Nc3 Nc6 4. d4 cxd4 5. Nxd4 e6 6. a3 d5 7. cxd5 {A33: Symmetrical English: 2 Nf3 Nf6 3 d4 cxd4 4 Nxd4 e6 5 Nc3 Nc6} exd5 8. Bf4 {LiveBook: 6 Games} (8. Bg5 Bc5 9. e3 Bxd4 10. exd4 O-O 11. Be2 h6 12. Bh4 Qd6 13. Bg3 Qe7 14. O-O Bf5 15. Re1 Qd7 16. Bf3 {½-½ (33) Navara,D (2737)-Anand,V (2783) Saint Louis 2017}) 8... a6 9. e3 {White has an edge.} Bc5 $146 ({Predecessor:} 9... Bd6 10. Bxd6 Qxd6 11. Be2 O-O 12. Bf3 Ne5 13. h3 Be6 14. O-O Rac8 {½-½ (22) Sebestyen,B (2242)-Nazarenus,O (2154) Budapest 2009}) 10. Nxc6 bxc6 11. Rc1 Bg4 (11... Bd6 $11) 12. Be2 $16 Be6 13. Nxd5 Nxd5 14. Rxc5 Nxf4 15. Qxd8+ Kxd8 16. exf4 Bd5 17. Bc4 Bxc4 18. Rxc4 {[%mdl 4096] Endgame KRR-KRR} Kc7 19. Ke2 Rhe8+ 20. Kf3 Rad8 21. Rc3 Rd2 22. Rhc1 Ree2 23. Rxc6+ Kd7 24. Rc7+ Kd6 {[#]} 25. Kg4 $1 (25. Rxf7 $6 Rxf2+ 26. Ke4 Ke6 $11) 25... Rxf2 26. g3 {Black must now prevent R1c6+.} Rxh2 27. R1c6+ Kd5 28. Rxa6 h5+ {[#]} 29. Kf5 $1 g6+ 30. Kf6 {b4 is the strong threat.} Rdg2 (30... Rxb2 $16 {was worth a try.} 31. Ra5+ (31. Kxf7 h4 $16) (31. Rxf7 Rh3 $16) 31... Ke4) 31. Ra5+ $18 (31. Rxf7 Rxg3 32. Rd7+ Ke4 $16) 31... Kd4 (31... Kd6 {keeps fighting.} 32. Rc3 (32. Rxf7 Rxg3 33. Rg5 h4 $16) 32... h4) 32. Rg5 ({Don't do} 32. Kxf7 $6 Rxg3 33. Ra4+ Kd5 $16) 32... Rh3 (32... Rxb2 {is a better defense.} 33. Kxf7 (33. Rxf7 Rb6+ 34. Kg7 Ra6 $16) 33... h4) 33. Rxf7 Rhxg3 34. Kxg6 h4 35. Rh7 Rxb2 36. f5 $2 ({White has to play} 36. Rxh4 $18 Rb6+ 37. Kh5) 36... Ke5 $11 {The position is equal.} 37. Rxg3 hxg3 {KR-KR} 38. f6 g2 39. Re7+ Kd6 40. Re1 {Threatens to win with f7.} Rb3 (40... Rf2 {is interesting.} 41. Rd1+ Ke5 42. Re1+ Kd4 43. Rd1+ Ke5) 41. Rg1 (41. f7 {seems wilder.} Rg3+ 42. Kf6 Rf3+ 43. Kg7 Rg3+ 44. Kf6) 41... Rg3+ 42. Kf7 Kc5 43. Ke6 Kb5 44. Ke5 {And now Kf4 would win.} Ka4 45. Kf4 Rg6 46. Kf5 Rg3 47. Kf4 Rg6 48. Kf5 Rg3 49. Ke4 {White wants to mate with f7.} Rg6 50. Kf5 {Precision: White = 82%, Black = 72%.} 1/2-1/2

[Event "3rd GRENKE Chess Open 2018"]
[Site "Karlsruhe"]
[Date "2018.03.30"]
[Round "3"]
[White "Bakalchuk, Johnatan"]
[Black "Bacrot, Etienne"]
[Result "1/2-1/2"]
[WhiteElo "2405"]
[BlackElo "2718"]
[Annotator "TA"]
[PlyCount "48"]
[EventDate "2018.??.??"]
[EventType "swiss"]
[EventCountry "GER"]
[SourceTitle "playchess.com"]
[Source "ChessBase"]
[SourceQuality "1"]

{[%evp 21,48,14,14,14,24,29,29,25,22,0,18,8,17,16,25,25,34,33,35,27,25,7,92,88,87,111,99,38,122]} 1. e4 e5 2. Nf3 Nc6 3. d4 exd4 4. Nxd4 Nf6 {[%cal Bg8f6,Bf6d5,Bd5b6][%mdl 32]} 5. Nxc6 bxc6 6. e5 Qe7 7. Qe2 Nd5 8. c4 Nb6 9. Nc3 Ba6 {C45: Scotch Game} 10. Qe4 (10. b3 O-O-O 11. Bb2 Re8 12. f4 f6 13. O-O-O fxe5 14. Qxe5 Qxe5 15. fxe5 Rxe5 16. Bd3 Re3 17. Rhf1 {0-1 (24) Nepomniachtchi,I (2751)-Karjakin,S (2783) chess.com INT 2017}) 10... f6 11. c5 Bxf1 {LiveBook: 3 Games. The position is equal.} 12. Kxf1 Qxc5 13. exf6+ Kf7 14. fxg7 Bxg7 15. Qf3+ Kg8 16. Be3 $146 ({Predecessor:} 16. h4 Rf8 17. Qe2 {½-½ (27) Averell (2443)-Souk (2431) playchess.com INT 2006}) 16... Qc4+ 17. Kg1 Re8 18. h4 $36 {[%cal Bh2h4,Bh4h5][%mdl 2080] White has some pressure.} Qf7 19. Qg3 d6 20. h5 h6 21. Rh4 Re5 (21... Kh7 $11 {remains equal.}) 22. Ne4 $16 {[#] Bd4 is the strong threat.} c5 23. Bd2 {Black must now prevent Bc3.} Nd5 24. a4 (24. Re1 $16) 24... c4 {Precision: White = 58%, Black = 29%.} (24... Kf8 $14) 1/2-1/2

[Event "3rd GRENKE Chess Open 2018"]
[Site "Karlsruhe"]
[Date "2018.03.30"]
[Round "3"]
[White "Keymer, Vincent"]
[Black "Korobov, Anton"]
[Result "1/2-1/2"]
[WhiteElo "2403"]
[BlackElo "2664"]
[Annotator "TA"]
[PlyCount "56"]
[EventDate "2018.??.??"]
[EventType "swiss"]
[EventCountry "GER"]
[SourceTitle "playchess.com"]
[Source "ChessBase"]
[SourceQuality "1"]

{[%evp 25,56,6,8,0,9,6,12,2,3,0,0,0,0,0,0,0,0,0,0,0,0,0,0,0,0,0,0,0,0,0,0,0,0]} 1. d4 Nf6 2. c4 e6 3. Nf3 d5 4. Nc3 dxc4 5. e3 a6 6. a4 c5 7. Bxc4 Nc6 8. O-O Be7 9. Qe2 O-O 10. Rd1 Qc7 11. dxc5 Bxc5 12. Bd2 b6 13. Bd3 Bb7 {The position is equal.} 14. Ne4 {D27: Queen's Gambit Accepted: Classical main line: 7 e4!? and 7 a4} Nxe4 15. Bxe4 Qe7 (15... f5 16. Bc2 Rae8 17. Bc3 h6 18. Bd3 a5 19. Bb5 Kh7 20. Rac1 Rd8 21. Qc4 Qe7 {1-0 (44) Lysyj,I (2595)-Timofeev,A (2664) Dagomys 2008}) 16. Rac1 Rfd8 $146 ({Predecessor:} 16... Rac8 17. Bc3 Rfd8 18. h3 h6 {½-½ (19) Ueksti,E (2338)-Sabaev,S (2463) ICCF email 2004}) 17. Bc3 Nb4 18. Bxb7 Qxb7 19. Bxb4 Bxb4 20. Ne5 Rxd1+ 21. Qxd1 Rc8 22. g3 Be7 23. Rxc8+ Qxc8 24. Qf3 Bf6 25. Nc6 {[#] Black must now prevent Qxf6!} Qd7 26. b4 h6 27. b5 axb5 28. axb5 Qd3 {Precision: White = 82%, Black = 89%.} 1/2-1/2

[Event "3rd GRENKE Chess Open 2018"]
[Site "Karlsruhe"]
[Date "2018.03.30"]
[Round "3"]
[White "Lagunow, Alexander"]
[Black "Fridman, Daniel"]
[Result "0-1"]
[WhiteElo "2399"]
[BlackElo "2637"]
[Annotator "TA"]
[PlyCount "100"]
[EventDate "2018.??.??"]
[EventType "swiss"]
[EventCountry "GER"]
[SourceTitle "playchess.com"]
[Source "ChessBase"]
[SourceQuality "1"]

{[%evp 11,100,4,10,2,8,-7,-6,-7,6,-10,-7,-8,0,0,0,0,8,6,0,7,29,19,102,0,0,0,0,0,18,9,9,0,0,0,0,0,9,-10,-15,-25,-21,-66,-64,-55,-55,-77,-66,-103,-94,-111,12,7,8,0,0,0,0,0,0,0,0,-612,0,-472,-453,-1187,-989,-789,-475,-1102,-938,-745,-555,-12837,-10941,-12837,-12838,-12843,-12843,-12845,-12844,-12845,-12846,-12846,-12847,-12847,-12847,-12848,-12848,-12849,-12849]} 1. Nf3 Nf6 2. g3 b5 3. Bg2 Bb7 4. Na3 a6 5. c4 e5 (5... b4 6. Nc2 e6 7. O-O Be7 8. d4 Be4 9. a3 bxa3 10. b3 O-O 11. Bxa3 d6 12. Ne3 c6 13. Qd2 Nbd7 14. Nd1 Qb6 15. Nc3 Qxb3 16. Ne5 dxe5 17. Bxe7 exd4 18. Nxe4 Nxe4 19. Bxe4 Rfe8 20. Bxc6 Ra7 21. Qxd4 {1-0 (21) Nakamura,H (2793)-Oparin,G (2604) Zuerich 2017}) 6. b3 {A05: Réti Opening: 1 Nf3 Nf6} Bc5 {LiveBook: 3 Games} 7. O-O O-O 8. Nc2 $146 {The position is equal.} ({Predecessor:} 8. cxb5 e4 9. Nh4 d5 10. d4 Bb6 11. bxa6 Bxa6 12. Nc2 Re8 13. a4 {1-0 (40) Zaragatski,I (2495)-Rezasade,A (2344) Germany 2018}) 8... d6 9. d3 Nbd7 10. Be3 bxc4 11. bxc4 Bxe3 12. Nxe3 Nc5 13. Qd2 Qd7 14. Rab1 Rab8 15. Rb2 e4 16. Nd4 {Black must now prevent Rfb1.} (16. Nh4 {keeps more tension.} Na4 17. Rb4 Ba8 18. d4 Rxb4 19. Qxb4 Nb6 20. Rb1) 16... exd3 (16... Ba8 $11 {keeps the balance.}) 17. exd3 (17. Rfb1 $1 $16) 17... Bxg2 $11 18. Rxb8 Rxb8 19. Kxg2 Ng4 {Threatening ...Ne5.} 20. Nxg4 Qxg4 21. Nf3 h6 22. Re1 Qf5 23. Re3 Ne6 24. Re1 (24. d4 {feels hotter.} c6 25. h3 Qg6 26. Re2 Re8 27. Kh2) 24... Qc5 25. Qc3 Qb4 26. Qxb4 Rxb4 {[%mdl 4096] Endgame KRN-KRN} 27. Re2 a5 {[%cal Ba6a5,Ba5a4][%mdl 32]} 28. Rc2 c5 29. Rc3 a4 30. Ra3 Nd4 ({Better is} 30... g5 $17 {And now ...g4 would win.} 31. h4 f5) 31. Nxd4 cxd4 {KR-KR} 32. g4 Kf8 33. Kf3 d5 $1 34. cxd5 Ke7 35. Ke4 Kd6 36. f4 $2 {[%mdl 8192] [#]} (36. h4 $11) 36... Kc5 $2 (36... f6 $1 $19 37. h3 g5) 37. Ke5 $2 {[%mdl 8192]} (37. h4 $11 {and White is okay.}) 37... f6+ $19 {Black is clearly winning.} 38. Kf5 (38. Ke4 $142 Kd6 39. f5) 38... Kxd5 39. Kg6 Kc5 40. h4 {[#]} (40. Kxg7 $142 Rb7+ 41. Kxf6) 40... Kb5 $1 41. Kxg7 Rb2 42. Kxh6 {aiming for g5.} Rf2 43. f5 Rf4 (43... Kb4 $2 44. Rxa4+ Kxa4 45. Kg6 $19) 44. Kg6 Rxg4+ 45. Kxf6 Rxh4 (45... Kb4 $2 46. h5 $19) 46. Ke5 Kb4 47. Rxa4+ Kxa4 48. f6 Kb4 49. f7 Rh8 50. Kf6 Ka3 {Precision: White = 36%, Black = 61%.} 0-1

[Event "3rd GRENKE Chess Open 2018"]
[Site "Karlsruhe"]
[Date "2018.03.30"]
[Round "3"]
[White "Kramer, Julian"]
[Black "Banusz, Tamas"]
[Result "0-1"]
[WhiteElo "2394"]
[BlackElo "2618"]
[Annotator "TA"]
[PlyCount "72"]
[EventDate "2018.??.??"]
[EventType "swiss"]
[EventCountry "GER"]
[SourceTitle "playchess.com"]
[Source "ChessBase"]
[SourceQuality "1"]

{[%evp 27,71,0,0,0,18,12,22,14,3,0,0,0,0,0,0,0,0,0,0,-8,0,-8,-3,-9,-8,0,-28,-53,-47,-203,-212,-275,-287,-268,-265,-477,-479,-673,-672,-656,-632,-985,-954,-29998,-29999,-29999]} 1. e4 e5 2. Nf3 Nc6 3. d4 exd4 4. Nxd4 Nf6 {[%cal Bg8f6,Bf6d5,Bd5b6][%mdl 32]} 5. Nxc6 bxc6 6. e5 Qe7 7. Qe2 Nd5 8. c4 Nb6 9. Nc3 Qe6 10. Qe4 g6 {C45: Scotch Game} 11. Bd3 (11. Bd2 Ba6 12. c5 Nc4 13. Bg5 Bxc5 14. O-O-O O-O 15. Qf4 d5 16. exd6 Bxd6 17. Rxd6 cxd6 18. Bf6 d5 19. b3 Rab8 20. Be2 c5 21. Rd1 Rfe8 22. Nxd5 {1-0 (22) Van Foreest,J (2629)-Tari,A (2599) Wijk aan Zee 2018}) 11... Bg7 12. f4 O-O 13. O-O d5 14. cxd5 cxd5 {LiveBook: 3 Games} 15. Qb4 f6 $146 ({Find the theoretical novelty and annotate with similar games:} 15... Re8 16. Nb5 Bf8 17. Qa5 Bc5+ 18. Kh1 {0-1 (42) Van der Weide,K (2502)-Kantorik,M (2359) Triesen 2007}) 16. Nb5 Rf7 17. f5 gxf5 18. Bxf5 Qxe5 19. Bxc8 Rxc8 20. Nxa7 Ra8 21. Nc6 Qe4 22. Qxe4 dxe4 23. Rf5 Nc4 $36 {[%mdl 2048] Black is pushing.} 24. a4 Rd7 {next ...e3 is good for Black.} 25. Bf4 Nxb2 26. a5 Nd3 27. Bg3 Kf7 28. a6 $2 {[#]} (28. Ra4 $15) 28... Ke6 $1 $19 {[%cal Re6f5]} 29. Rb5 {[#] Threatens to win with a7.} f5 $1 30. Ra4 Rd5 31. Rb1 $2 (31. Rxd5 Kxd5 32. Ne7+ Ke6 33. Nc6) 31... Rc5 32. Nb4 (32. Nd4+ $142 Bxd4+ 33. Rxd4) 32... Rb5 33. Bxc7 Bf8 34. Ba5 {[#]} Rxa6 $1 {[%mdl 512]} 35. Nxa6 Rxb1+ 36. Be1 Rxe1# {Precision: White = 34%, Black = 85%.} 0-1

[Event "3rd GRENKE Chess Open 2018"]
[Site "Karlsruhe"]
[Date "2018.03.30"]
[Round "3"]
[White "Pfreundt, Jakob"]
[Black "Bindrich, Falko"]
[Result "0-1"]
[WhiteElo "2394"]
[BlackElo "2602"]
[Annotator "TA"]
[PlyCount "78"]
[EventDate "2018.??.??"]
[EventType "swiss"]
[EventCountry "GER"]
[SourceTitle "playchess.com"]
[Source "ChessBase"]
[SourceQuality "1"]

{[%evp 14,78,20,0,-3,1,4,-12,-6,-17,0,-5,-8,-8,-6,-13,-7,-10,20,-56,-46,-51,-43,-45,-41,-52,10,-35,9,10,20,23,60,0,8,0,0,0,0,0,0,-8,3,14,10,9,40,30,33,-4,-3,-7,0,-16,-23,-204,-91,-83,-25,-20,0,-96,-70,-68,-64,-800,-800]} 1. Nf3 d5 2. g3 Bg4 3. Bg2 e6 (3... c6 4. O-O Nd7 5. h3 Bh5 6. d4 e6 7. c4 Be7 8. Nc3 dxc4 9. b3 cxb3 10. Qxb3 Qb6 11. Qa4 Ngf6 12. Rb1 Qc7 {0-1 (39) Matlakov,M (2718)-Giri,A (2752) Wijk aan Zee 2018}) 4. O-O Nf6 5. h3 Bh5 6. c4 {A07: Réti Opening: New York and Capablanca Systems} c6 7. d3 Bd6 8. cxd5 {LiveBook: 3 Games. The position is equal.} cxd5 9. Qb3 Qd7 $146 ({Predecessor:} 9... Qe7 10. e4 Bxf3 11. Bxf3 dxe4 12. dxe4 Nc6 13. Be3 O-O 14. Nd2 Bc5 15. Bxc5 Qxc5 16. Rac1 Qe7 17. Qe3 e5 {½-½ (17) Vaulin,A (2515)-Fominyh,A (2505) Alushta 1993}) 10. Bg5 Nc6 11. Nbd2 Be7 12. Bf4 O-O 13. g4 Bg6 14. Ne5 Nxe5 15. Bxe5 h5 16. Bf3 ({White should play} 16. g5 $11 Nh7 17. f4) 16... hxg4 $15 17. hxg4 Bd6 18. d4 {[%cal Bd3d4,Bd4e5][%mdl 32]} Rfc8 19. Rac1 Ne8 (19... Be7 $15) 20. Kg2 Rc7 21. e4 Bxe5 22. dxe5 d4 23. Qd3 (23. Rce1 $1 $14) 23... Rac8 $11 24. Rxc7 Qxc7 25. Qxd4 Rd8 26. Qe3 Qxe5 27. Nc4 Qc7 28. Rc1 b5 29. Na3 Qe5 30. Rc5 Qxb2 31. Rxb5 Qxa2 32. Qxa7 f6 {aiming for ...Rd3.} 33. Rb7 Rd3 $36 {[%mdl 2048] Black has the initiative.} 34. Nb5 $2 {[#]} (34. Nb1 $11 Qc4 35. Qb8) 34... Qd2 (34... Qc4 $1 $19 {is more deadly.} 35. Qb8 {[#]} Rxf3 $1 {[%mdl 512]} 36. Kxf3 Qxe4+ 37. Kg3 e5) 35. Qb8 $17 Rd8 (35... Rb3 $17 {And now ...Qd3 would win.} 36. Nd6 Rxf3 37. Kxf3 Qxd6 38. Qxd6 Nxd6 39. Rb8+ Kf7) 36. Qa7 $11 Rd3 (36... Qf4 $11 37. Qe3 Qxe3 38. fxe3 e5) 37. Qb8 $1 $17 {[#]} Rxf3 $1 {[%mdl 512]} 38. Kxf3 e5 {Threatens to win with ...Kh7.} 39. Qa7 $2 {[%mdl 8192]} (39. Rc7 $15) 39... Qd3+ {Precision: White = 38%, Black = 44%.} 0-1

[Event "3rd GRENKE Chess Open 2018"]
[Site "Karlsruhe"]
[Date "2018.03.30"]
[Round "3"]
[White "Schmidek, Emil"]
[Black "Bernadskiy, Vitaliy"]
[Result "0-1"]
[WhiteElo "2389"]
[BlackElo "2588"]
[Annotator "TA"]
[PlyCount "86"]
[EventDate "2018.??.??"]
[EventType "swiss"]
[EventCountry "GER"]
[SourceTitle "playchess.com"]
[Source "ChessBase"]
[SourceQuality "1"]

{[%evp 11,86,28,47,43,31,23,55,23,25,25,20,12,12,14,27,-12,-6,-56,-57,-161,-170,-165,-158,-163,-143,-139,-129,-303,-300,-297,-306,-302,-294,-627,-214,-214,-198,-191,-188,-186,-200,-220,-193,-268,-273,-281,-266,-322,-319,-410,-390,-1233,-430,-428,-427,-419,-426,-419,-426,-419,-412,-372,-375,-515,-510,-497,-513,-507,-512,-517,-515,-507,-489,-1481,-1577,-1279,-1273]} 1. e4 Nf6 2. e5 Nd5 3. d4 d6 4. Nf3 dxe5 5. c4 Nf6 6. Nxe5 {B04: Alekhine's Defence: 4 Nf3} Nbd7 {LiveBook: 4 Games} 7. Bf4 $146 ({Predecessor:} 7. Nf3 e6 8. Be2 Be7 9. O-O O-O 10. Nc3 c5 11. Qc2 b6 12. Bf4 cxd4 13. Nxd4 Bb7 14. Bg3 a6 15. a3 Nc5 16. Rfd1 Qc8 17. Bf3 Bxf3 18. Nxf3 Qb7 {½-½ (43) Abasov,N (2577)-Markus,R (2672) Kocaeli 2017}) 7... Nxe5 8. Bxe5 {White is slightly better.} Nd7 9. Bf4 e5 10. dxe5 Bb4+ 11. Nc3 Bxc3+ 12. bxc3 {White wants to play Qg4.} Qe7 13. Qe2 (13. Be2 {feels hotter.} Nxe5 14. O-O O-O 15. Bg3 Rd8 16. Qc2) 13... O-O $1 14. g3 g5 15. Be3 ({Better is} 15. Bc1 $15) 15... Nxe5 $19 {Threatens to win with ...Bg4.} 16. Bg2 Bg4 17. f3 Rfe8 18. fxg4 {[#] And now 0-0 would win.} Nxc4 $1 19. Qxc4 $2 (19. O-O $17 Qxe3+ 20. Qxe3 Nxe3 21. Bxb7) 19... Qxe3+ 20. Kf1 {[#]} Rad8 $1 {[%cal Rd8d2]} 21. Bd5 {[#]} Re6 $1 {[%mdl 512] ( -> ...Rf6+)} 22. h4 $2 (22. Bxe6 {leads to mate.} Rd2 23. Bxf7+ Kf8 24. Qb4+ c5 25. Qxc5+ Qxc5 26. Bh5 Qf2#) (22. Qd4 Rxd5 23. Qxe3 Rxe3 24. Rg1) 22... Rf6+ $2 (22... c6 23. Qd4 (23. Bxe6 Rd2 24. Bxf7+ Kf8 25. Rh2 Rxh2 26. Qb4+ c5 27. Qxc5+ Qxc5 28. hxg5 Qf2#) 23... Qxg3) 23. Kg2 {Strongly threatening Rad1.} Qd2+ $40 {[%mdl 128] White is in trouble.} 24. Kh3 Qxd5 25. Qxd5 Rxd5 {[%mdl 4096] Endgame KRR-KRR} 26. Rad1 Rc5 27. Rhe1 (27. Rd3 $142) 27... gxh4 ({Much less strong is} 27... Rxc3 28. hxg5 Re6 29. Rxe6 $17) 28. Re8+ Kg7 29. Rdd8 hxg3 30. Kxg3 Rxc3+ 31. Kh4 $2 (31. Kg2 Rc2+ 32. Kg3) 31... Rh6+ (31... Rf1 $142 32. Rd4 h6) 32. Kg5 {[%csl Gd8][%cal Re8g8]} Rg6+ 33. Kf5 Rc5+ 34. Kf4 Rc4+ 35. Kf5 Rcxg4 {[%csl Gg4][%cal Rg6g5]} 36. Rg8+ Kh6 37. Rgf8 R6g5+ {Black is clearly winning.} 38. Kf6 Rf4+ 39. Ke7 Re5+ 40. Kd7 Rd4+ 41. Kxc7 Re7+ 42. Kb8 (42. Kc8 $142 Rg4 43. Rd6+ Kg7 44. Rdd8) 42... Rxd8+ 43. Rxd8 b6 {Precision: White = 22%, Black = 81%.} 0-1

[Event "3rd GRENKE Chess Open 2018"]
[Site "Karlsruhe"]
[Date "2018.03.30"]
[Round "3"]
[White "Winterberg, Lukas"]
[Black "Lagarde, Maxime"]
[Result "0-1"]
[WhiteElo "2388"]
[BlackElo "2587"]
[Annotator "TA"]
[PlyCount "62"]
[EventDate "2018.??.??"]
[EventType "swiss"]
[EventCountry "GER"]
[SourceTitle "playchess.com"]
[Source "ChessBase"]
[SourceQuality "1"]

{[%evp 12,62,35,25,54,0,0,0,0,-14,4,-35,-31,-126,-134,-129,-138,-150,-137,-253,-205,-176,-72,-89,-68,-73,-73,-74,-59,-73,-75,-70,-77,-83,-21,-55,-40,-137,-134,-181,-174,-190,-178,-404,-389,-475,-434,-29990,-29991,-29994,-29995,-29996,-29988]} 1. d4 f5 2. Nf3 Nf6 3. g3 g6 4. Bg2 Bg7 5. O-O O-O 6. Nbd2 d6 7. Re1 {LiveBook: 80 Games} Nh5 {A81: Dutch Defence: 2 g3} (7... Ne4 8. c3 d5 9. Ne5 c6 10. Nxe4 fxe4 11. f3 Qb6 12. Kh1 exf3 13. exf3 e6 14. Qc2 Nd7 15. Nxd7 Bxd7 {1-0 (42) Gumularz,S (2391)-Jakubiec,A (2500) Katowice 2017}) 8. c3 (8. h3 $14) 8... e5 $1 $11 9. dxe5 dxe5 {[%cal Bd6e5,Be5e4][%mdl 32] The position is equal.} 10. Nc4 $146 {Hoping for Qb3.} ({Predecessor:} 10. e4 f4 11. b4 Be6 12. Bb2 Nd7 13. Qc2 g5 14. Rad1 Bf6 15. Nb3 {0-1 (31) Weber,U (2389)-Wolf,U (2183) Hofheim 2016}) 10... e4 {And now ...Qxd1 would win.} 11. Nd4 Qe7 12. e3 ({White should play} 12. f3 $15) 12... c5 $1 $17 13. Ne2 Rd8 14. Qc2 Nc6 15. b4 (15. f3 $17) 15... Be6 16. Na5 {[%cal Bc4a5,Ba5b3,Bb3d4][%mdl 32] [#]} Ne5 (16... Nxb4 $1 $19 {[%mdl 512] is more deadly.} 17. cxb4 Bxa1 18. bxc5 Rac8) 17. bxc5 b6 18. cxb6 axb6 19. Nb3 Nf6 $36 {[%mdl 3072] Black has strong compensation. Black is more active.} 20. Nbd4 Bc4 21. a4 Qf7 22. Ba3 Bd3 (22... Nd3 $17 23. Reb1 Nd5) 23. Qd1 Nd5 24. Bb4 ({Better is} 24. Nf4 $15) 24... Bc4 25. Qd2 {[#]} Nf3+ $1 26. Bxf3 exf3 27. Nc1 $2 {[#]} (27. Nf4 Nxb4 28. cxb4) 27... f4 $1 $19 {[%mdl 512]} 28. gxf4 {[#]} (28. exf4 Nxb4) 28... g5 $1 {[%mdl 512]} 29. fxg5 (29. Nd3 $19 gxf4 30. Kh1 Bxd3 31. Qxd3 Nxb4 32. Qe4) 29... Qh5 {Black mates.} 30. Nce2 Bxe2 31. Nxe2 Qh3 {Precision: White = 29%, Black = 61%.} 0-1

[Event "3rd GRENKE Chess Open 2018"]
[Site "Karlsruhe"]
[Date "2018.03.30"]
[Round "3"]
[White "Kekelidze, Mikheil"]
[Black "Heimann, Andreas"]
[Result "1-0"]
[WhiteElo "2383"]
[BlackElo "2574"]
[Annotator "TA"]
[PlyCount "150"]
[EventDate "2018.??.??"]
[EventType "swiss"]
[EventCountry "GER"]
[SourceTitle "playchess.com"]
[Source "ChessBase"]
[SourceQuality "1"]

{[%evp 27,150,18,18,18,20,20,13,24,27,27,16,0,9,10,51,59,53,51,49,0,0,0,0,0,8,8,12,12,12,12,35,35,35,35,36,12,12,0,0,0,0,0,0,0,0,0,0,0,0,0,0,0,8,0,0,0,0,0,0,0,0,0,0,0,0,0,0,0,0,0,0,-33,-33,-33,-66,-64,-33,-33,-33,-33,-40,-40,-41,-48,-50,-84,-75,-85,-87,-169,-169,-160,-161,-162,-155,-162,-162,-155,-153,-183,-183,-183,-183,-183,-182,-202,-202,-202,-202,-202,-202,-202,-202,-202,-202,-202,-202,-320,-202,-202,0,-313,-202,-215,-202]} 1. Nf3 Nf6 2. c4 c5 3. Nc3 Nc6 4. e3 e6 5. d4 d5 6. a3 dxc4 7. Bxc4 cxd4 8. exd4 Be7 9. O-O O-O 10. Re1 b6 {D26: Queen's Gambit Accepted: 4 e3 e6 5 Bxc5 c5 sidelines} (10... a6 11. Bf4 b5 12. Ba2 b4 13. d5 bxc3 14. dxc6 cxb2 15. Rb1 Qb6 16. Qc2 Bxa3 17. Be5 Qc5 18. Qxc5 Bxc5 19. Bxb2 {1-0 (38) Aleksandrov,A (2589)-Rausis,I (2632) Katowice 2017}) 11. d5 Na5 12. Ba2 Nxd5 13. Nxd5 exd5 14. Qxd5 Be6 {LiveBook: 7 Games} 15. Qxd8 Raxd8 16. Bxe6 fxe6 17. Bg5 Bxg5 18. Nxg5 Rd2 $146 19. f3 Nb3 20. Rad1 Re8 21. Rxd2 Nxd2 $14 {[%mdl 4096] Endgame KRN-KRN} 22. Re2 Nc4 23. a4 h6 24. Ne4 ({But not} 24. Rxe6 Rxe6 25. Nxe6 Nxb2 $17) 24... Rd8 25. Rc2 Rd4 26. Kf2 Nd6 27. Nxd6 Rxd6 $11 {KR-KR} 28. Ke3 Rd7 29. b4 Kf7 30. h4 Kf6 31. Rc4 Rd1 32. b5 Ra1 33. h5 Ra3+ 34. Kf4 Ra2 35. g4 Ra3 36. Kg3 g6 37. Rf4+ Kg5 38. hxg6 (38. Rf7 {is more complex.} gxh5 39. Rg7+ Kf6 40. Rxa7 hxg4 41. Kxg4 h5+ 42. Kxh5 Rxf3 43. Kg4) 38... Kxg6 39. Kh4 e5 40. Rf5 e4 41. fxe4 Rxa4 42. e5 Rb4 43. Rf6+ Kg7 44. Kg3 Rxb5 {[#] ...a5 is the strong threat.} 45. Kf4 a5 46. Kf5 a4 {Threatens to win with ...a3.} 47. Rc6 a3 {White must now prevent ...a2.} 48. Rc7+ Kg8 (48... Kf8 $5 49. Kf6 $8 Rc5 $11) 49. Rc8+ Kf7 50. Rc7+ Ke8 51. Ke6 $1 {[%cal Rc7c8] [#]} Kd8 52. Ra7 $1 {[%cal Ra7a3]} Ra5 53. Rxa5 $1 bxa5 $15 {K3P-KPP} 54. Kf7 $1 a2 55. e6 a1=Q 56. e7+ Kc7 {( -> ...Qf1+)} 57. e8=Q $17 {KQ-KQ} Qd4 58. Qa8 (58. Qe2 $17) 58... Qf4+ 59. Kg6 Qxg4+ 60. Kxh6 Qf4+ 61. Kg6 Kb6 62. Qd8+ Qc7 63. Qd4+ Qc5 64. Qb2+ Qb5 65. Qd4+ Ka6 66. Qe4 a4 {[%cal Ba5a4,Ba4a3][%mdl 32]} 67. Qa8+ Kb6 {Hoping for ...Qc6+.} 68. Qd8+ Kb7 {And now ...Qb6+ would win.} 69. Qd1 a3 70. Kh7 Qf5+ 71. Kh8 {intending Qb3+.} Qh3+ 72. Kg8 (72. Kg7 {was the only chance.} Qc3+ 73. Kh7) 72... Qg3+ 73. Kh7 Qh3+ (73... Qh4+ $142 74. Kg6 Qe4+ 75. Kf6 Qh4+ 76. Kf5 Qh7+ 77. Kf6 Qh6+ 78. Kf7 Qh7+ 79. Kf6 Qc7) 74. Kg8 $1 $19 Qg2+ 75. Kh8 Qb2+ {[%mdl 32768] Precision: White = 54%, Black = 73%. . Loss on Time!?} 1-0